[Event "4NCL Online Division 6"]
[Site "online"]
[Date "2020.08.25"]
[Round "1.45"]
[White "Thomson, John J"]
[Black "Stewart, Alastair G"]
[Result "0-1"]
[WhiteElo "1757"]
[BlackElo "1576"]
[PlyCount "62"]
[EventDate "2020.08.25"]
[WhiteTeam "Harborough Cuatro"]
[BlackTeam "East Kilbride Wanderers"]

1. c4 d6 2. g3 g6 3. Bg2 Bg7 4. e3 Nd7 5. Nc3 e5 6. Nge2 Ngf6 7. d4 O-O 8. O-O
a6 9. d5 a5 10. e4 Nc5 11. Be3 b6 12. Qd2 Bd7 13. f4 Ng4 14. Bxc5 bxc5 15. b3
exf4 16. Nxf4 Bd4+ 17. Kh1 Qf6 18. Rac1 Be3 19. Qc2 Bxc1 20. Qxc1 Qe7 21. Nd3
a4 22. Qf4 axb3 23. axb3 Ra3 24. Nc1 Qe5 25. N3e2 Qxf4 26. gxf4 Re8 27. Rf3
Rxe4 28. Bh3 Nf2+ 29. Kg2 Nxh3 30. Rxh3 Bxh3+ 31. Kxh3 Rxc4 0-1

[Event "4NCL Online Division 6"]
[Site "online"]
[Date "2020.08.25"]
[Round "1.46"]
[White "Smith, Bob"]
[Black "Garland, Michael A jnr"]
[Result "1/2-1/2"]
[WhiteElo "1425"]
[BlackElo "1622"]
[PlyCount "58"]
[EventDate "2020.08.25"]
[WhiteTeam "East Kilbride Wanderers"]
[BlackTeam "Harborough Cuatro"]

1. Nf3 d5 2. c4 d4 3. g3 Nc6 4. Bg2 e5 5. O-O Bd6 6. d3 Nf6 7. Na3 a6 8. Nc2
O-O 9. a3 Rb8 10. b4 Bg4 11. c5 Be7 12. Bb2 Nd5 13. e3 f5 14. Qe1 Re8 15. exd4
Bf6 16. dxe5 Bxf3 17. Bxf3 Bxe5 18. Qc1 Nc3 19. d4 Nxd4 20. Nxd4 Qxd4 21. Rd1
Ne2+ 22. Bxe2 Qxb2 23. Bc4+ Kh8 24. Qxb2 Bxb2 25. Ra2 Bf6 26. Rd7 Re4 27. Rc2
Re7 28. Rxe7 Bxe7 29. Re2 Bf6 1/2-1/2

[Event "4NCL Online Division 6"]
[Site "online"]
[Date "2020.08.25"]
[Round "1.47"]
[White "Redding, Jonathan"]
[Black "Shrestha, Unnabh"]
[Result "1-0"]
[WhiteElo "1337"]
[BlackElo "1085"]
[PlyCount "79"]
[EventDate "2020.08.25"]
[WhiteTeam "Harborough Cuatro"]
[BlackTeam "East Kilbride Wanderers"]

1. d4 Nf6 2. Bf4 g6 3. Nf3 Bg7 4. Nbd2 d6 5. e3 Nbd7 6. Bd3 b6 7. c3 Bb7 8. e4
O-O 9. h4 Re8 10. Bg5 h6 11. Be3 e5 12. d5 Nc5 13. Bc2 Ba6 14. c4 Qc8 15. Bxc5
bxc5 16. Ba4 Re7 17. a3 Qg4 18. O-O Nxe4 19. Nxe4 Qxe4 20. Nd2 Qxh4 21. Re1 Rb8
22. Rb1 Bxc4 23. Re4 Qf6 24. Nxc4 h5 25. Na5 Rb6 26. Nc6 Rd7 27. Nxa7 Rd8 28.
Nc6 Ra8 29. b4 Qf5 30. Ne7+ Kh7 31. Nxf5 gxf5 32. Rh4 Kg8 33. bxc5 Rxb1 34.
Qxb1 f4 35. Bc2 Rxa3 36. cxd6 cxd6 37. Rxh5 Kf8 38. Qb8+ Ke7 39. Qc7+ Kf6 40.
Qxd6# 1-0

[Event "4NCL Online Division 6"]
[Site "online"]
[Date "2020.08.25"]
[Round "1.48"]
[White "Nagar, Pankaj"]
[Black "Butler, Rene"]
[Result "0-1"]
[WhiteElo "770"]
[BlackElo "1142"]
[PlyCount "96"]
[EventDate "2020.08.25"]
[WhiteTeam "East Kilbride Wanderers"]
[BlackTeam "Harborough Cuatro"]

1. e4 c5 2. Bc4 d6 3. Nf3 Nf6 4. d3 g6 5. Ng5 e6 6. O-O Bg7 7. Nc3 O-O 8. Be3
Nc6 9. a3 a6 10. Rb1 b5 11. Ba2 h6 12. Nf3 e5 13. Nh4 Ng4 14. Nf3 Nd4 15. Nd5
Nxe3 16. fxe3 Ne6 17. d4 cxd4 18. exd4 exd4 19. c3 dxc3 20. bxc3 Nc7 21. Rc1
Nxd5 22. Qxd5 Be6 23. Qd2 Bxa2 24. Qxa2 Rc8 25. Qb3 Qb6+ 26. Kh1 Qe3 27. Rfe1
Qf4 28. Re2 Qxc1+ 29. Ne1 Rxc3 30. Qd5 Rc2 31. Qd3 Rxe2 32. Qxe2 Bc3 33. e5
Qxe1+ 34. Qxe1 Bxe1 35. exd6 Rd8 36. Kg1 Rxd6 37. Kf1 Bc3 38. g4 Bb2 39. h4
Bxa3 40. Ke2 b4 41. g5 hxg5 42. hxg5 b3 43. Kf3 b2 44. Kg4 b1=Q 45. Kg3 Qb4 46.
Kh3 Rd3+ 47. Kg2 Qb2+ 48. Kf1 Rd1# 0-1

[Event "4NCL Online Division 6"]
[Site "online"]
[Date "2020.08.25"]
[Round "1.55"]
[White "Munshi, Aryan"]
[Black "Edwards-Wright, Miles D"]
[Result "0-1"]
[WhiteElo "1148"]
[BlackElo "1915"]
[PlyCount "52"]
[EventDate "2020.08.25"]
[WhiteTeam "Phones Pals Rooks"]
[BlackTeam "Chessable White Rose 3"]

1. d4 g6 2. c4 Bg7 3. Nc3 d6 4. e4 Nc6 5. Nf3 e5 6. d5 Nce7 7. Bd3 f5 8. Bd2
Nf6 9. Qc2 O-O 10. O-O-O c6 11. Bg5 cxd5 12. cxd5 fxe4 13. Nxe4 Nxe4 14. Bxe4
Bh3 15. Qd3 Bxg2 16. Rhg1 Bxf3 17. Bxf3 Qb6 18. Bxe7 e4 19. Qb3 Qc7+ 20. Qc2
Rac8 21. Qxc7 Rxc7+ 22. Kb1 Rxe7 23. Bg4 Rxf2 24. Be6+ Kh8 25. Rge1 Rxb2+ 26.
Kc1 Rc7# 0-1

[Event "4NCL Online Division 6"]
[Site "online"]
[Date "2020.08.25"]
[Round "1.56"]
[White "Parkhouse, Max"]
[Black "New, David"]
[Result "1-0"]
[WhiteElo "1862"]
[BlackElo "1193"]
[PlyCount "157"]
[EventDate "2020.08.25"]
[WhiteTeam "Chessable White Rose 3"]
[BlackTeam "Phones Pals Rooks"]

1. d4 Nf6 2. Bf4 g6 3. Nc3 Bg7 4. e4 d6 5. Qd2 Nbd7 6. O-O-O O-O 7. Nf3 c5 8.
d5 a6 9. Bh6 b5 10. Bxg7 Kxg7 11. Qe3 Qa5 12. b3 c4 13. e5 Ng4 14. Qd2 Ngxe5
15. Nxe5 Nxe5 16. Qd4 f6 17. f4 Nf7 18. h4 cxb3 19. axb3 b4 20. Ne4 Bg4 21. Re1
Rac8 22. Bc4 Rc7 23. Ng5 h6 24. Ne6+ Bxe6 25. dxe6 Nd8 26. g4 Rc5 27. g5 h5 28.
gxf6+ Rxf6 29. Rhg1 Kh7 30. Kd2 Qb6 31. Rg5 Qc6 32. Reg1 Nxe6 33. Qe3 Rxg5 34.
fxg5 Rf3 35. Qxe6 Rf2+ 36. Kc1 Qe8 37. Re1 Qf8 38. Qxe7+ Qxe7 39. Rxe7+ Kh8 40.
Bxa6 Rf4 41. Re6 Kg7 42. Rxd6 Rxh4 43. Bd3 Rf4 44. Rxg6+ Kf7 45. Rf6+ Rxf6 46.
gxf6 Kxf6 47. Be4 Ke5 48. Ba8 Kd4 49. Kd2 h4 50. Bh1 h3 51. Ba8 h2 52. Bb7 Kc5
53. Kd3 Kb6 54. Bg2 Kc5 55. Ke4 Kb6 56. Kd4 Kb5 57. Kd5 Kb6 58. Kc4 Ka5 59. Kc5
Ka6 60. Kxb4 Kb6 61. c4 Ka6 62. Kc5 Ka7 63. Kd6 Kb6 64. c5+ Ka7 65. Kd7 Kb8 66.
c6 Ka7 67. c7 Kb6 68. c8=Q h1=Q 69. Bxh1 Ka5 70. Qc5+ Ka6 71. Qc8+ Ka5 72. Kc6
Kb4 73. Kd5 Kxb3 74. Qc4+ Ka3 75. Kd4 Kb2 76. Qc3+ Kb1 77. Be4+ Ka2 78. Qb4 Ka1
79. Qb1# 1-0

[Event "4NCL Online Division 6"]
[Site "online"]
[Date "2020.08.25"]
[Round "1.57"]
[White "Vadalia, Jainill"]
[Black "Posadas, Rayelynn"]
[Result "0-1"]
[WhiteElo "1140"]
[BlackElo "1915"]
[PlyCount "154"]
[EventDate "2020.08.25"]
[WhiteTeam "Phones Pals Rooks"]
[BlackTeam "Chessable White Rose 3"]

1. d4 c5 2. d5 b5 3. e3 a6 4. c4 bxc4 5. Bxc4 d6 6. Nc3 Nf6 7. e4 g6 8. Nf3 Bg7
9. Bf4 Nh5 10. Be3 Nd7 11. Qd2 O-O 12. g3 Nb6 13. Bb3 a5 14. a4 Bg4 15. Ng5 Qc8
16. h3 Bd7 17. g4 Nf6 18. Nf3 Qb8 19. Bh6 e5 20. Bxg7 Kxg7 21. Kf1 Bc8 22. Kg2
Nbd7 23. Bc4 h5 24. g5 Ne8 25. h4 Nb6 26. b3 Nxc4 27. bxc4 Ba6 28. Rab1 Qc8 29.
Nb5 Qg4+ 30. Kf1 Qxf3 31. Rg1 Qxe4 32. Rc1 Qxh4 33. Qxa5 Qh3+ 34. Rg2 Bb7 35.
Qb6 Qd7 36. Nc3 Ba6 37. Qb3 Nc7 38. Ne4 Rfb8 39. Qc2 Ne8 40. Rh2 Rb4 41. Qd3
Qxa4 42. Nd2 Rab8 43. Qc3 Qa2 44. f4 Qb2 45. Qxb2 Rxb2 46. Ke1 exf4 47. Rf2 Bc8
48. Rxf4 Bf5 49. Rc3 Nc7 50. Rcf3 Re8+ 51. Kd1 Re7 52. Rf2 Na6 53. Kc1 Rc2+ 54.
Kd1 Nb4 55. Nb3 Rxf2 56. Rxf2 Bg4+ 57. Kd2 Ra7 58. Kc3 Ra2 59. Rxa2 Nxa2+ 60.
Kb2 Nb4 61. Na5 h4 62. Nc6 Nxc6 63. dxc6 h3 64. c7 h2 65. c8=Q Bxc8 66. Kc2
h1=Q 67. Kb2 Qf3 68. Kb1 Bf5+ 69. Ka1 Qc3+ 70. Ka2 Qxc4+ 71. Ka1 d5 72. Kb2 d4
73. Ka1 d3 74. Kb2 d2 75. Ka3 d1=Q 76. Kb2 Qb1+ 77. Ka3 Qcb3# 0-1

[Event "4NCL Online Division 6"]
[Site "online"]
[Date "2020.08.25"]
[Round "1.58"]
[White "Hayes, Solomon"]
[Black "Lukhi, Neev"]
[Result "0-1"]
[WhiteElo "1495"]
[BlackElo "970"]
[PlyCount "62"]
[EventDate "2020.08.25"]
[WhiteTeam "Chessable White Rose 3"]
[BlackTeam "Phones Pals Rooks"]

1. e4 c5 2. Nf3 d6 3. Bb5+ Bd7 4. Bxd7+ Qxd7 5. O-O Nc6 6. c3 Nf6 7. Re1 e5 8.
d4 cxd4 9. cxd4 g6 10. d5 Ne7 11. Nc3 Bg7 12. h3 O-O 13. Be3 b6 14. Qd2 Rac8
15. Rac1 Rc4 16. Bh6 Rfc8 17. Bxg7 Kxg7 18. b3 R4c7 19. Qe3 Nh5 20. a4 Nf4 21.
Nb5 Rxc1 22. Rxc1 Rxc1+ 23. Kh2 Rc8 24. Ng1 a6 25. Nc3 f5 26. g3 Nh5 27. exf5
Nxf5 28. Qxb6 Nhxg3 29. fxg3 Rxc3 30. Ne2 Rc2 31. Qxa6 Nd4 0-1

[Event "4NCL Online Division 6"]
[Site "online"]
[Date "2020.08.25"]
[Round "1.65"]
[White "Dorman, Orla"]
[Black "Sanfey, Peter"]
[Result "1-0"]
[WhiteElo "1757"]
[BlackElo "1270"]
[PlyCount "39"]
[EventDate "2020.08.25"]
[WhiteTeam "Kent KJCA Kestrels E"]
[BlackTeam "Barnet Knights E"]

1. e4 d6 2. d4 Nf6 3. Nc3 g6 4. Nf3 Bg7 5. Be2 O-O 6. O-O c5 7. dxc5 dxc5 8.
Bf4 Qa5 9. Nb5 Ne8 10. e5 Qb4 11. Bd2 Qxb2 12. Bc3 Qxa1 13. Bxa1 a6 14. Nc3 Nc7
15. Nd5 Rd8 16. Nxe7+ Kf8 17. Qxd8+ Ne8 18. Nxc8 Nc6 19. Qd7 b5 20. Qxc6 1-0

[Event "4NCL Online Division 6"]
[Site "online"]
[Date "2020.08.25"]
[Round "1.66"]
[White "Zholnin, Ivan"]
[Black "Brightley-Davies, Ciaran"]
[Result "1/2-1/2"]
[WhiteElo "1345"]
[BlackElo "1592"]
[PlyCount "118"]
[EventDate "2020.08.25"]
[WhiteTeam "Barnet Knights E"]
[BlackTeam "Kent KJCA Kestrels E"]

1. e4 e6 2. d4 d5 3. e5 c5 4. Nf3 Qb6 5. Nc3 Nc6 6. Be3 cxd4 7. Nxd4 Qxb2 8.
Ncb5 Nxd4 9. Bxd4 Qb4+ 10. c3 Qa5 11. Be2 a6 12. Nd6+ Bxd6 13. exd6 Nf6 14.
Bxf6 gxf6 15. Qd4 e5 16. Qd2 Be6 17. O-O Rg8 18. Qb2 b5 19. g3 Rc8 20. a4 Qxc3
21. Qxc3 Rxc3 22. axb5 axb5 23. Bxb5+ Kd8 24. Ra8+ Rc8 25. Rxc8+ Kxc8 26. Rc1+
Kd8 27. Ra1 d4 28. Ra8+ Bc8 29. d7 Kc7 30. Rxc8+ Rxc8 31. dxc8=Q+ Kxc8 32. Kf1
Kd8 33. Ke2 Ke7 34. Kd3 f5 35. Bc6 Kf6 36. f4 h5 37. fxe5+ Kxe5 38. Be8 f6 39.
Bxh5 Kd5 40. Bg6 Ke5 41. h4 f4 42. gxf4+ Kxf4 43. Kxd4 Kg4 44. h5 Kg5 45. Ke4
f5+ 46. Kf3 f4 47. Be8 Kh6 48. Kxf4 Kg7 49. Kg5 Kh8 50. h6 Kh7 51. Bg6+ Kh8 52.
Bf5 Kg8 53. Kg6 Kh8 54. Kh5 Kg8 55. Be4 Kh8 56. Kg6 Kg8 57. h7+ Kh8 58. Kh5 Kg7
59. Bb1 Kh8 1/2-1/2

[Event "4NCL Online Division 6"]
[Site "online"]
[Date "2020.08.25"]
[Round "1.68"]
[White "Rasalingam, Rishi"]
[Black "Langley, Anthony M"]
[Result "1-0"]
[WhiteElo "1157"]
[BlackElo "1577"]
[PlyCount "69"]
[EventDate "2020.08.25"]
[WhiteTeam "Barnet Knights E"]
[BlackTeam "Kent KJCA Kestrels E"]

1. d4 Nf6 2. c4 d6 3. Qc2 g6 4. e4 Bg7 5. e5 dxe5 6. dxe5 Ng4 7. f4 b6 8. h3
Nh6 9. Nf3 Bb7 10. Bd3 O-O 11. O-O Nd7 12. f5 Nc5 13. f6 exf6 14. exf6 Bxf6 15.
Bxh6 Re8 16. Rd1 Nxd3 17. Rxd3 Qxd3 18. Qxd3 Bxb2 19. Qd7 Rac8 20. Ng5 Rf8 21.
Bxf8 Rxf8 22. Nxf7 Rxf7 23. Qe8+ Kg7 24. Qd7 Rxd7 25. Nd2 Bxa1 26. Nb3 Bf6 27.
c5 bxc5 28. Nxc5 c6 29. Nxd7 Ba6 30. Nxf6 Kxf6 31. h4 Ke5 32. g3 Kd4 33. Kf2
Kc3 34. g4 Kb2 35. h5 1-0

[Event "4NCL Online Division 6"]
[Site "online"]
[Date "2020.09.08"]
[Round "2.11"]
[White "Hughes, Mervyn"]
[Black "Zhang, Zheming"]
[Result "0-1"]
[WhiteElo "1952"]
[BlackElo "2102"]
[PlyCount "38"]
[EventDate "2020.09.08"]
[WhiteTeam "Broadland Falco Duboisi"]
[BlackTeam "Forest Hall Juniors"]

1. d4 e6 2. Nf3 f5 3. h3 Nf6 4. g4 b6 5. c4 Bb7 6. Nc3 Bb4 7. a3 Bxc3+ 8. bxc3
Qe7 9. Rg1 d6 10. Bg5 Nbd7 11. Ne5 dxe5 12. dxe5 Nxe5 13. Bg2 Bxg2 14. Rxg2 O-O
15. gxf5 exf5 16. Qc2 Nf3+ 17. Kf1 Nxg5 18. Rxg5 Ne4 19. Rg1 Qh4 0-1

[Event "4NCL Online Division 6"]
[Site "online"]
[Date "2020.09.08"]
[Round "2.12"]
[White "Fearnhead, Ben"]
[Black "Lim, Mark"]
[Result "0-1"]
[WhiteElo "1810"]
[BlackElo "1877"]
[PlyCount "50"]
[EventDate "2020.09.08"]
[WhiteTeam "Forest Hall Juniors"]
[BlackTeam "Broadland Falco Duboisi"]

1. Nc3 d5 2. d4 Nf6 3. Bf4 e6 4. e3 Bb4 5. Bd3 Bxc3+ 6. bxc3 O-O 7. Nf3 c5 8.
Ne5 Qa5 9. Qd2 c4 10. Be2 Ne4 11. Qd1 Qxc3+ 12. Kf1 Nc6 13. Nxc6 bxc6 14. Bf3
Nd2+ 15. Ke2 Nxf3 16. gxf3 f6 17. Bd6 Rf7 18. Rb1 Qa5 19. Bc5 e5 20. Qc1 exd4
21. Bxd4 c5 22. Bb2 c3 23. Ba3 d4 24. Rd1 Ba6+ 25. Ke1 d3 0-1

[Event "4NCL Online Division 6"]
[Site "online"]
[Date "2020.09.08"]
[Round "2.13"]
[White "Saravanan, Karthik"]
[Black "Xu, Weiming"]
[Result "1-0"]
[WhiteElo "1734"]
[BlackElo "1660"]
[PlyCount "117"]
[EventDate "2020.09.08"]
[WhiteTeam "Broadland Falco Duboisi"]
[BlackTeam "Forest Hall Juniors"]

1. e4 e5 2. Nf3 Nc6 3. d4 exd4 4. Nxd4 Nxd4 5. Qxd4 Ne7 6. Bc4 Nc6 7. Qd5 Qf6
8. Bg5 Qg6 9. O-O Be7 10. f4 Bxg5 11. fxg5 O-O 12. Nc3 d6 13. Qd2 Be6 14. Bd3
Ne5 15. Nb5 Nxd3 16. cxd3 a6 17. Nxc7 Rac8 18. Nxe6 Qxe6 19. b3 f6 20. gxf6
Rxf6 21. Rxf6 Qxf6 22. Rf1 Qd4+ 23. Kh1 Qe5 24. Qf2 Qe7 25. g3 h6 26. Qf5 Rc2
27. Qd5+ Kh8 28. Rf7 Qe8 29. Rxb7 Qf8 30. Rf7 Qc8 31. Qxd6 Kh7 32. Qe5 Qg4 33.
Qf5+ Qxf5 34. Rxf5 Rxa2 35. b4 Rb2 36. Ra5 Rxb4 37. Rxa6 Rd4 38. Ra3 Kg6 39.
Kg2 Kg5 40. Kf3 Rd7 41. Ra5+ Kf6 42. Rf5+ Ke6 43. Ke3 Ra7 44. Rf2 Ke5 45. d4+
Ke6 46. Rd2 Ra3+ 47. Kf4 Kf6 48. d5 h5 49. e5+ Kf7 50. Kg5 g6 51. d6 Rf3 52. d7
Rf5+ 53. Kh4 Rxe5 54. d8=Q Re4+ 55. Kh3 Kg7 56. Rd7+ Kh6 57. Qf8+ Kg5 58. Rd5+
Re5 59. Rxe5# 1-0

[Event "4NCL Online Division 6"]
[Site "online"]
[Date "2020.09.08"]
[Round "2.14"]
[White "Amoako Philip Selikem Yao"]
[Black "Badger, Paul"]
[Result "0-1"]
[WhiteElo "1265"]
[BlackElo "1750"]
[PlyCount "124"]
[EventDate "2020.09.08"]
[WhiteTeam "Forest Hall Juniors"]
[BlackTeam "Broadland Falco Duboisi"]

1. e4 d6 2. d4 Nf6 3. Nc3 g6 4. Nf3 Bg7 5. Bf4 Nbd7 6. Qd2 O-O 7. Be2 c5 8. Be3
cxd4 9. Nxd4 Nc5 10. f3 a6 11. O-O Bd7 12. a3 Rc8 13. Bh6 Ne6 14. Nxe6 Bxe6 15.
Bxg7 Kxg7 16. Qe3 Qc7 17. Kh1 Qc5 18. Qxc5 Rxc5 19. Rad1 Rfc8 20. Rd2 Bc4 21.
Bxc4 Rxc4 22. Rfd1 Nd7 23. Rd5 Nb6 24. R5d4 Rxd4 25. Rxd4 Nc4 26. Nd5 Nxb2 27.
Nxe7 Rxc2 28. h3 Kf8 29. Nd5 b5 30. Nf6 Nc4 31. Rd3 Ra2 32. Nd7+ Ke7 33. Nb8
Rxa3 34. Rxa3 Nxa3 35. Nxa6 Nc2 36. Nc7 b4 37. Nd5+ Ke6 38. Kg1 b3 39. Kf2 b2
40. Nc3 Na3 41. Ke3 b1=Q 42. Nxb1 Nxb1 43. Kf4 f6 44. g4 Nd2 45. Ke3 Nc4+ 46.
Kd4 Ne5 47. f4 Nc6+ 48. Kc4 Na5+ 49. Kb4 d5 50. f5+ gxf5 51. exf5+ Ke5 52. Kxa5
h6 53. h4 Kf4 54. g5 hxg5 55. hxg5 Kxg5 56. Kb5 Kxf5 57. Kc5 Ke4 58. Kb4 f5 59.
Kc3 f4 60. Kd2 f3 61. Ke1 Ke3 62. Kf1 f2 0-1

[Event "4NCL Online Division 6"]
[Site "online"]
[Date "2020.09.08"]
[Round "2.21"]
[White "Hookham, Jamie"]
[Black "Du Boulay, Andrew"]
[Result "1-0"]
[WhiteElo "2029"]
[BlackElo "1780"]
[PlyCount "37"]
[EventDate "2020.09.08"]
[WhiteTeam "Imperial Knightriders"]
[BlackTeam "Hertford 2"]

1. e4 c6 2. Nc3 d5 3. Nf3 dxe4 4. Nxe4 Bg4 5. Bc4 e6 6. O-O Nf6 7. Ng3 Bd6 8.
h3 Bxg3 9. hxg4 Bc7 10. g5 Ng4 11. d4 h5 12. g6 Qd6 13. gxf7+ Kf8 14. Re1 Nd7
15. Rxe6 Qb4 16. Qe2 Ndf6 17. Nh4 Bh2+ 18. Kh1 Rh7 19. Re8+ 1-0

[Event "4NCL Online Division 6"]
[Site "online"]
[Date "2020.09.08"]
[Round "2.22"]
[White "Rudd, David R"]
[Black "Barron, Luke J"]
[Result "0-1"]
[WhiteElo "1735"]
[BlackElo "1927"]
[PlyCount "102"]
[EventDate "2020.09.08"]
[WhiteTeam "Hertford 2"]
[BlackTeam "Imperial Knightriders"]

1. b4 d5 2. Bb2 Nf6 3. e3 c6 4. c4 Bf5 5. cxd5 cxd5 6. b5 e6 7. Nf3 Nbd7 8. Be2
Bd6 9. O-O h6 10. d4 O-O 11. Nbd2 Rc8 12. Rc1 Bb8 13. Qb3 Qb6 14. a4 Ne4 15.
Nxe4 Bxe4 16. Ba3 Rfe8 17. h3 e5 18. dxe5 Nxe5 19. Nxe5 Bxe5 20. Rxc8 Rxc8 21.
Rc1 Rxc1+ 22. Bxc1 Qc5 23. Bb2 Bc2 24. Qa3 Qxa3 25. Bxa3 Bxa4 26. Bc5 Bb8 27.
Kf1 f6 28. Ke1 Kf7 29. Kd2 b6 30. Bb4 Ke6 31. f4 g5 32. g3 Bd6 33. Bxd6 Kxd6
34. Kc3 Kc5 35. fxg5 fxg5 36. h4 Bxb5 37. Bd1 a5 38. hxg5 hxg5 39. Kb2 Bf1 40.
Bc2 b5 41. Kc3 a4 42. Kb2 Kb4 43. Bf5 a3+ 44. Ka1 Bc4 45. e4 dxe4 46. Bxe4 Kc3
47. g4 b4 48. Bc2 Be2 49. Bf5 Bd3 50. Be6 Bc2 51. Bf5 b3 0-1

[Event "4NCL Online Division 6"]
[Site "online"]
[Date "2020.09.08"]
[Round "2.23"]
[White "Jost, Jan Niklas"]
[Black "Marshall, Duncan"]
[Result "1-0"]
[WhiteElo "1840"]
[BlackElo "1727"]
[PlyCount "106"]
[EventDate "2020.09.08"]
[WhiteTeam "Imperial Knightriders"]
[BlackTeam "Hertford 2"]

1. e4 c6 2. d4 d5 3. Nc3 dxe4 4. Nxe4 Nf6 5. Nxf6+ gxf6 6. Nf3 Bf5 7. Bd3 Bg6
8. Bf4 Nd7 9. Qe2 Nb6 10. O-O e6 11. c4 Rg8 12. h4 Bh5 13. Rfd1 f5 14. Bxf5
Bxf3 15. Qxf3 exf5 16. Re1+ Be7 17. Bg5 Nc8 18. Re5 Qd7 19. Rae1 Rxg5 20. hxg5
Qxd4 21. Qxf5 Qd6 22. Qxh7 Qg6 23. Qh8+ Kd7 24. Rd1+ Kc7 25. Rxe7+ Nxe7 26.
Qxa8 Nc8 27. f4 Qf5 28. Re1 Qd7 29. b3 Qd4+ 30. Kh1 Qxf4 31. Re8 Qf1+ 32. Kh2
Qf4+ 33. Kh1 Qf1+ 34. Kh2 Qf4+ 35. Kh3 Qf5+ 36. Kh4 Qh7+ 37. Kg4 f5+ 38. Kf4
Qh4+ 39. Kxf5 Nd6+ 40. Kg6 Nxe8 41. Qxe8 a6 42. Qe7+ Kb6 43. Kf7 Qf2+ 44. Qf6
Qxg2 45. g6 Qg4 46. g7 Qh5+ 47. Kf8 Qc5+ 48. Qe7 Qf5+ 49. Ke8 Qg6+ 50. Kd8 Qd3+
51. Kc8 Qf5+ 52. Qd7 Qg6 53. b4 Qg3 1-0

[Event "4NCL Online Division 6"]
[Site "online"]
[Date "2020.09.08"]
[Round "2.24"]
[White "Wooster, Nick"]
[Black "Porter, James D"]
[Result "0-1"]
[WhiteElo "1682"]
[BlackElo "1749"]
[PlyCount "84"]
[EventDate "2020.09.08"]
[WhiteTeam "Hertford 2"]
[BlackTeam "Imperial Knightriders"]

1. d4 Nf6 2. c4 c5 3. d5 b5 4. cxb5 a6 5. b6 g6 6. Nc3 d6 7. Nf3 Bg7 8. e4 Nbd7
9. Be2 O-O 10. O-O Qxb6 11. Qc2 Ng4 12. h3 Nge5 13. Be3 Rb8 14. Rab1 Nxf3+ 15.
Bxf3 Ne5 16. Be2 f5 17. f4 Nf7 18. b4 Bd4 19. Bxd4 cxd4 20. Na4 d3+ 21. Nxb6
dxc2 22. Rbc1 Rxb6 23. Rxc2 fxe4 24. a3 Bb7 25. Bc4 g5 26. f5 Ne5 27. Ba2 g4
28. hxg4 Nxg4 29. Rf4 Ne3 30. Re2 Bxd5 31. Rxe3 Bxa2 32. Rexe4 Rb7 33. g4 Rc7
34. Re3 Rfc8 35. Rff3 Rc1+ 36. Kh2 R8c2+ 37. Kg3 Kf7 38. g5 Rg1+ 39. Kf4 Bd5
40. Rc3 Rxc3 41. Rxc3 Rf1+ 42. Kg4 Be4 0-1

[Event "4NCL Online Division 6"]
[Site "online"]
[Date "2020.09.08"]
[Round "2.31"]
[White "Jones, Humphrey C N"]
[Black "Borwell, Alan P"]
[Result "0-1"]
[WhiteElo "1622"]
[BlackElo "1934"]
[PlyCount "68"]
[EventDate "2020.09.08"]
[WhiteTeam "Charlton Cobras"]
[BlackTeam "Dundee City B"]

1. e4 c5 2. Nc3 Nc6 3. f4 g6 4. Nf3 Bg7 5. Bb5 Nd4 6. Nxd4 cxd4 7. Ne2 a6 8.
Ba4 e6 9. O-O Ne7 10. d3 O-O 11. Qe1 d6 12. Bb3 Qc7 13. g4 Kh8 14. Qh4 f5 15.
gxf5 gxf5 16. Bd2 Ng6 17. Qh5 Qe7 18. Bb4 a5 19. Be1 Bd7 20. a4 Bc6 21. Rf3
fxe4 22. Rh3 Bf6 23. Bxe6 exd3 24. cxd3 Rae8 25. Bg3 Bd7 26. f5 Bxe6 27. fxe6
Rg8 28. Re1 Rg7 29. Qxa5 Be5 30. Kh1 Qxe6 31. Nxd4 Qxh3 32. Bxe5 Nxe5 33. Qd2
Reg8 34. b4 Rg2 0-1

[Event "4NCL Online Division 6"]
[Site "online"]
[Date "2020.09.08"]
[Round "2.32"]
[White "Gregory, Sam"]
[Black "Stebbings, Robert J"]
[Result "1-0"]
[WhiteElo "1861"]
[BlackElo "1615"]
[PlyCount "51"]
[EventDate "2020.09.08"]
[WhiteTeam "Dundee City B"]
[BlackTeam "Charlton Cobras"]

1. d4 Nf6 2. Bg5 e6 3. e4 Be7 4. Bd3 h6 5. Bh4 Nh7 6. Bxe7 Qxe7 7. c3 e5 8. Nf3
exd4 9. cxd4 d5 10. O-O Ng5 11. exd5 O-O 12. Ne5 Nd7 13. Re1 Qf6 14. Nc3 Re8
15. Qe2 Nxe5 16. dxe5 Qf4 17. Nb5 Re7 18. Rac1 Bg4 19. Qe3 Qb4 20. Nxc7 Rd8 21.
h4 Nh7 22. Rc4 Qxb2 23. Rxg4 h5 24. Rc4 Nf6 25. Qg5 Ng4 26. Rxg4 1-0

[Event "4NCL Online Division 6"]
[Site "online"]
[Date "2020.09.08"]
[Round "2.33"]
[White "Rogers, David M"]
[Black "Dawson, Alastair"]
[Result "0-1"]
[WhiteElo "1600"]
[BlackElo "1842"]
[PlyCount "124"]
[EventDate "2020.09.08"]
[WhiteTeam "Charlton Cobras"]
[BlackTeam "Dundee City B"]

1. c4 e5 2. g3 Nc6 3. Nc3 g6 4. Bg2 Bg7 5. e4 d6 6. Nge2 Nh6 7. d3 O-O 8. h4
Be6 9. Nd5 Nd4 10. Nxd4 exd4 11. Bh3 Bxh3 12. Rxh3 c6 13. Nf4 Qd7 14. Rh1 Rae8
15. f3 f5 16. h5 g5 17. Nh3 fxe4 18. fxe4 Be5 19. Nf4 gxf4 20. gxf4 Bxf4 21.
Rg1+ Kh8 22. Bxf4 Rxf4 23. Qd2 Ref8 24. O-O-O Qh3 25. Qa5 Qe3+ 26. Kb1 Ng4 27.
Qg5 Rg8 28. Qe7 Rf2 29. Qxd6 Qf4 30. Qxd4+ Qe5 31. Qxe5+ Nxe5 32. Rxg8+ Kxg8
33. Rg1+ Kf7 34. h6 Ke6 35. Rg7 Rf7 36. d4 Nxc4 37. e5 Rxg7 38. hxg7 Kf7 39. b3
Ne3 40. Kc1 Kxg7 41. Kd2 Nd5 42. Kd3 h5 43. Ke4 Kg6 44. Kf3 Kf5 45. Kg3 Ke4 46.
e6 Kxd4 47. Kh4 Ke5 48. Kxh5 Kxe6 49. Kg4 Ke5 50. Kf3 Kd4 51. Ke2 Kc3 52. Kd1
Kb2 53. Kd2 Kxa2 54. Kc2 Nb4+ 55. Kc3 a5 56. Kc4 b5+ 57. Kc3 Kb1 58. Kd4 Kc2
59. Kc5 Kxb3 60. Kd4 a4 61. Ke3 a3 62. Kd2 Kb2 0-1

[Event "4NCL Online Division 6"]
[Site "online"]
[Date "2020.09.08"]
[Round "2.34"]
[White "Babin, Andre"]
[Black "Verbytski, Oleg"]
[Result "1-0"]
[WhiteElo "1833"]
[BlackElo "1450"]
[PlyCount "61"]
[EventDate "2020.09.08"]
[WhiteTeam "Dundee City B"]
[BlackTeam "Charlton Cobras"]

1. b3 e5 2. Bb2 Nc6 3. e3 d5 4. Bb5 Bd6 5. Nf3 Bg4 6. h3 Bxf3 7. Qxf3 Nge7 8.
Bxc6+ bxc6 9. d3 Rb8 10. e4 d4 11. Nd2 Bb4 12. O-O-O Bxd2+ 13. Rxd2 a5 14. a4
Qd6 15. Qh5 Ng6 16. g3 Qc5 17. Kb1 Qd6 18. Ka2 c5 19. Ba3 Rb7 20. Rdd1 O-O 21.
f4 Re8 22. f5 Ne7 23. f6 g6 24. Qg5 Nc6 25. h4 Nb4+ 26. Bxb4 cxb4 27. h5 c5 28.
hxg6 fxg6 29. Rxh7 Rxh7 30. Qxg6+ Kh8 31. Qxe8+ 1-0

[Event "4NCL Online Division 6"]
[Site "online"]
[Date "2020.09.08"]
[Round "2.41"]
[White "Kriman, Salim"]
[Black "Clarke, Paul R H"]
[Result "1-0"]
[WhiteElo "1997"]
[BlackElo "1688"]
[PlyCount "41"]
[EventDate "2020.09.08"]
[WhiteTeam "Hackney Hackers"]
[BlackTeam "Bradford DCA Knights C"]

1. d4 c6 2. c4 d5 3. Nf3 Nf6 4. Nc3 Bf5 5. cxd5 Nxd5 6. e3 e6 7. Bd3 Bxd3 8.
Qxd3 Nd7 9. e4 Nxc3 10. bxc3 Be7 11. O-O O-O 12. c4 Qc7 13. Bb2 Rfd8 14. Rac1
c5 15. d5 exd5 16. cxd5 Bd6 17. Rfe1 Re8 18. e5 Nxe5 19. Nxe5 Bxe5 20. Rxe5
Rxe5 21. d6 1-0